Normal view
MARC view
- عكاشة، محمود
Entry Personal Name
001 - CONTROL NUMBER
- control field: 14615
003 - CONTROL NUMBER IDENTIFIER
- control field: JO-AjAnu
005 - DATE AND TIME OF LATEST TRANSACTION
- control field: 20230606072631.0
008 - FIXED-LENGTH DATA ELEMENTS
- fixed length control field: 230606|| aca||aabn | a|a d
040 ## - CATALOGING SOURCE
- Original cataloging agency: JO-AjAnu
- Transcribing agency: JO-AjAnu
100 ## - HEADING--PERSONAL NAME
- Personal name: عكاشة، محمود
670 ## - SOURCE DATA FOUND
- Source citation: Work cat.: (JO-AjAnu)7507: عكاشة، محمود, author, تاريخ الحكم في الإسلام: دراسة في مفهوم الحكم وتطوره